Statistics for People by Country #3

Click here to take the quiz!

General Stats

  • This quiz has been taken 109 times
  • The average score is 12 of 20

Answer Stats

PersonCountry% Correct
Wolfgang Amadeus MozartAustria
93%
Vladimir LeninRussia
93%
Yoko OnoJapan
89%
Lionel MessiArgentina
84%
Brigitte BardotFrance
84%
Oscar WildeIreland
80%
Roger FedererSwitzerland
77%
Benazir BhuttoPakistan
71%
PsySouth Korea
71%
Ingrid BergmanSweden
67%
Haile SelassieEthiopia
65%
François DuvalierHaiti
56%
Gabriel García MárquezColombia
55%
Vlade DivacSerbia
38%
Adriana LimaBrazil
34%
Mata HariNetherlands
32%
Hristo StoichkovBulgaria
31%
Florence NightingaleItaly
16%
Patrick EwingJamaica
15%
Golda MeirUkraine
11%

Score Distribution

Percentile by Number Answered

Percent of People with Each Score

Your Score History

You have not taken this quiz